Landscaping the home grounds with native materials /

Saved in:
Bibliographic Details
Main Author: Wiedorn, W. S.
Corporate Author: Kansas State Agricultural College. Division of College Extension.
Format: Book
Language:English
Published: Kansas : Kansas State Agricultural College, Division of College Extension, 1923.
Series:College X-form ; no. 199
Subjects:
Tags: Add Tag
No Tags, Be the first to tag this record!
LEADER 00696nam a22001937u 4500
001 000000873-7
005 20020606090541.3
008 830303|1923 ||||||| |||| |0||||eng|d
035 0 |a ocm80171337 
100 1 |a Wiedorn, W. S. 
245 1 0 |a Landscaping the home grounds with native materials /  |c [W.S. Wiederorn] 
260 0 |a Kansas :  |b Kansas State Agricultural College, Division of College Extension,  |c 1923. 
300 |a 1 folded sheet (4 p.) :  |b ill. ;  |c 23 cm. 
490 0 |a College X-form ;  |v no. 199 
650 0 |a Ornamental woody plants  |z Kansas. 
650 0 |a Landscape gardening  |z Kansas. 
710 2 |a Kansas State Agricultural College.  |b Division of College Extension. 
988 |a 20020608 
906 |0 MH